000 02603nim a2200469Ia 4500
001 ocn259951615
003 OCoLC
005 20200320182931.0
007 sd fungnn|||eu
008 081003s2008 mdunnnn r l n eng d
020 _a9781436141604 (set) :
_c$98.75
020 _a1436141605 (set) :
_c$98.75
020 _a9781436141611 (booklet)
020 _a1436141613 (booklet)
020 _c98.75
028 0 2 _aUC127
_bRecorded Books
029 1 _aRECBX
_bruc00000127
035 _a(OCoLC)259951615
040 _aOCO
_cOCO
_dRECBX
_dWACOL
049 _aWACL
082 0 4 _a944.04
_222
092 _aCD 944.04
_bSut
100 1 _aSutherland, Donald
_q(Donald M. G.)
_95847369
245 1 0 _aLiberty and its price
_h[sound recording] :
_bunderstanding the French Revolution /
_cby Donald M.G. Sutherland.
260 _aPrince Frederick, MD :
_bRecorded Books,
_cp2008.
300 _a7 sound discs :
_bdigital ;
_c4 3/4 in. +
_e1 booklet (72 p. : ill. (some col.) ; 22 cm.)
440 4 _aThe modern scholar
_95847370
511 0 _aProfessor Donald M.G. Sutherland.
500 _a"14 lectures, 7 compact discs"--Container.
500 _aAccompanying course guide includes bibliographical references.
500 _aCompact disc.
520 _aExamines how massive counterrevolutionary movements profoundly affected the course of the Revolution, leading to the failure of constitutional government and, ultimately, to an elitist dictatorship (in the person of Napoleon Bonaparte) that paved the way for many of the struggles of the nineteenth century. Also explained is how the revolution's effects varied greatly according to regional economies, social structures, and religious affiliations.
505 0 _aDefinition of revolution -- Revolution of elites -- Popular revolution -- restructuring and early opposition -- War revolutionizes the revolution -- Massacres and republic -- Death of a king -- Terror -- Thermidor or the failure of law -- The directory and victory -- The road to Brumaire -- Formation of a dictatorship -- Empire -- Disaster.
651 0 _aFrance
_xHistory
_yRevolution, 1789-1799.
_984303
710 2 _aRecorded Books, Inc.
_960865
856 4 2 _3Additional course materials
_uhttp://www.modernscholar.com
_zPassword required for access, see container
938 _aRecorded Books
_bRECB
_nruc00000127
942 _cCD
_011
948 _a11/22/2008
_zSirsi
994 _a02
_bWACOL
996 _a67051
_b34301000787285
_cCD
_dCD
_ewcl
_fi
_g11
_h98.75
_i.CIRCNOTE. 7 discs; 1 book
_j.PUBLIC. 7 discs; 1 book
_lRecorded Books
_m944.04 Sut
_p11/24/2008
_q08/07/2017
_r07/22/2017
999 _c268828
_d268828